000 00697nam a22002177a 4500
003 0
005 20250115150638.0
008 250115b xxu||||| |||| 00| 0 eng d
020 _a978-1-509-5445-78
050 _aP 87.5
_b.C36 2024
100 _aCampanella, Bruno
245 _aRecognition in the age of social media
_c Bruno Campanella
260 _aCambridge, United Kingdom
_bPolity Press
_c2024
300 _av, 186 pages ;
_c22cm.
504 _aIncludes bibliographical references and index.
650 _aSocial media—Social aspects.
650 _aSelf-perception—Social aspects.
650 _aRecognition (Philosophy).
650 _aOnline identities.
942 _2lcc
_cBK
999 _c366984
_d366984